000 00386nam a2200097Ia 4500
001 1227795
005 20250827093029.0
008 250824s9999 xx 000 0 und d
245 0 _aBİR DEVRİN BİTTİĞİ YER ÇANAKKALE
_cBİR DEVRİN BİTTİĞİ YER ÇANAKKALE TEPEKENT İMAMHATİP ORTAOKULU KÜTÜPHANESİ YAVUZ BAHADIROĞLU
260 _bPANAMA YAYINLARI
999 _c1227795
_d1227795